Statistics for The Inbetweeners Surnames

Click here to take the quiz!

General Stats

  • This quiz has been taken 769 times
  • The average score is 7 of 9

Answer Stats

HintAnswer% Correct
WillMcKenzie
92%
JayCartwright
91%
PhilGilbert
79%
CharlotteHinchcliffe
79%
MarkDonovan
78%
NeilSutherland
78%
SimonCooper
77%
CarliD'Amato
74%
TaraBrown
13%

Score Distribution

Percentile by Number Answered

Percent of People with Each Score

Your Score History

You have not taken this quiz